00906 2200205 4500001002100000005001500021035002000036007000300056008004100059020001800100082001200118084001800130100002200148245005200170250001100222260003500233300002100268520039500289990001600684INLIS00000000000015720260526021929 a0010-0526000045ta260526 b 0 ind  a9786239046903 a297.382 a297.382 FAU a0 aFauzia Ummu Dawud1 aAku Selalu Mengingat Allah /cFauzia Ummu Dawud aCet. I aBandung :bMaskana Kids,cs.a. a18 hlm. :bIlus. aBuku Aku Selalu Mengingat Allah mengajarkan anak-anak pentingnya selalu mengingat Allah SWT dalam setiap aktivitas sehari-hari. Melalui cerita dan ilustrasi yang menarik, buku ini mengenalkan kebiasaan berdoa, berzikir, bersyukur, serta berbuat baik sebagai bentuk keimanan kepada Allah. Buku ini membantu menanamkan nilai religius, kedisiplinan beribadah, dan akhlak mulia sejak usia dini. a00000000185